Statistics for Not National Capitals

Click here to take the quiz!

General Stats

  • This quiz has been taken 111 times
    (109 since last reset)
  • The average score is 14 of 22

Answer Stats

HintAnswer% Correct
EdinburghScotland
96%
CardiffWales
92%
TallahasseeFlorida
88%
NuukGreenland
86%
MunichBavaria
85%
SydneyNew South Wales
85%
PalermoSicily
85%
AlbanyNew York
82%
San JuanPuerto Rico
80%
PerthWestern Australia
80%
LhasaTibet
78%
HalifaxNova Scotia
72%
SapporoHokkaido
68%
CayenneFrench Guiana
63%
WinnipegManitoba
61%
StanleyFalkland Islands
40%
Pago PagoAmerican Samoa
33%
MeridaYucatan
26%
HaikouHainan
22%
DunedinOtago
15%
SalvadorBahia
14%
XalapaVeracruz
9%

Score Distribution

Percentile by Number Answered

Percent of People with Each Score

Your Score History

You have not taken this quiz since the last reset